LIBRARY ONLINE CATALOGUE

Superconductivity, superfluids and condensates / (Record no. 8334)

MARC details
000 -LEADER
fixed length control field 00704nam a22002292 4500
001 - CONTROL NUMBER
control field 0000012818
005 - DATE AND TIME OF LATEST TRANSACTION
control field 20151217152114.0
008 - FIXED-LENGTH DATA ELEMENTS--GENERAL INFORMATION
fixed length control field 090320s xx 000 0 eng d
020 ## - INTERNATIONAL STANDARD BOOK NUMBER
International Standard Book Number 0198507567 :
040 ## - CATALOGING SOURCE
Original cataloging agency KABU
Transcribing agency KABU
100 1# - MAIN ENTRY--PERSONAL NAME
Personal name Annett, James F.
-- 0000169767
245 10 - TITLE STATEMENT
Title Superconductivity, superfluids and condensates /
Statement of responsibility, etc. James F. Annett.
250 ## - EDITION STATEMENT
Edition statement 1st ed.
260 ## - PUBLICATION, DISTRIBUTION, ETC. (IMPRINT)
Place of publication, distribution, etc. Oxford :
Name of publisher, distributor, etc. O. U. P.,
Date of publication, distribution, etc. 2004.
300 ## - PHYSICAL DESCRIPTION
Extent xi, 186 p.
650 #0 - SUBJECT ADDED ENTRY--TOPICAL TERM
Topical term or geographic name as entry element Bose-Einstein condensation.
-- 0000169768
650 #0 - SUBJECT ADDED ENTRY--TOPICAL TERM
Topical term or geographic name as entry element Superconductivity.
-- 0000144687
650 #0 - SUBJECT ADDED ENTRY--TOPICAL TERM
Topical term or geographic name as entry element Superfluidity.
-- 0000169769
852 1# - LOCATION
-- p3337.50 KES
908 ## - PUT COMMAND PARAMETER (RLIN)
Put command parameter 090320
950 ## - LOCAL HOLDINGS (RLIN)
-- 1
Holdings
Withdrawn status Lost status Source of classification or shelving scheme Not for loan Home library Current library Date acquired Total Checkouts Full call number Barcode Date last seen Price effective from Koha item type
    Library of Congress Classification   Kabarak, Main Campus Kabarak, Main Campus 17/12/2015   QC175.47 .B65A56 2004 c. 1 17261 17/12/2015 17/12/2015 General Collection